Comic Book Teams - Statistics

General Stats
  • This quiz has been taken 65 times
  • The average score is 10 of 16
Answer Stats
Members Team % Correct
Iron Man, Captain America, Thor, Hulk Avengers
98%
Mr. Fantastic, Invisible Woman, Human Torch, The Thing Fantastic Four
98%
Batman, Superman, Wonder Woman, Green Lantern Justice League
98%
Harley Quinn, Deadshot, Killer Croc, Captain Boomerang Suicide Squad
96%
Robin, Starfire, Beast Boy, Cyborg Teen Titans
96%
Wolverine, Cyclops, Prof. X, Beast X-Men
96%
Dr. Octopus, Mysterio, Sandman, Vulture Sinister Six
84%
Cable, Deadpool, Domino. Bedlam X-Force
75%
Magneto, Blob, Toad, Mystique Brotherhood of Mutants
55%
Lex Luthor, Gorilla Grodd, Giganta, Brainiac Legion of Doom
53%
Captain Cold, Captain Boomerang, Heat Wave, Weather Wizard Rogues
45%
Pile Driver, Bulldozer, Thunderball, Wrecker Wrecking Crew
35%
Ra's al Ghul, Killer Moth, Electrocutioner, Mad Hatter League of Assassins
24%
Baron Zemo, Enchantress, Mr. Hyde, Abomination Masters of Evil
24%
Wizard, Hydro-Man, Sandman, Trapster Frightful Four
16%
Mr. Mind, Captain Nazi, Dr. Sivana, Black Adam Monster Society of Evil
9%
No matching quizzes found
Score Distribution
Percent of People with Each Score
Percentile by Number Answered
Your Score History
You have not taken this quiz